000 00372pab a2200145 454500
008 180718b2005 xxu||||| |||| 00| 0 eng d
100 _aPierre, Jon
245 _aComparative urban governance: uncovering complex causalities
260 _c2005
300 _ap.446-62.
362 _aMar
650 _aUrban development
773 _aUrban Affairs Review
909 _a64935
999 _c64935
_d64935